000 01017cam a2200289 a 4500
999 _c233221
_d233221
001 17038708
003 Nust
005 20170305121227.0
008 111108s2012 nyu 000 1 eng
010 _a 2011043447
020 _a9780241145562
040 _aDLC
_cDLC
_dDLC
042 _apcc
043 _an-us-ca
050 0 0 _aPR6111.U68
_bG63 2012
082 0 0 _a823.92
_bKUN
100 1 _aKunzru, Hari,
_d1969-
245 1 0 _aGods without men /
_cHari Kunzru.
250 _a1st U.S. ed.
260 _aNew York :
_bAlfred A. Knopf,
_c2012.
300 _a383 p. ;
_c25 cm.
500 _a"Originally published in Great Britain by Hamish Hamilton, an imprint of Penguin Books Ltd., London"--T.p. verso.
650 0 _aMissing children
_vFiction.
650 0 _aSerendipity
_vFiction.
651 0 _aCalifornia
_vFiction.
906 _a7
_bcbc
_corignew
_d1
_eecip
_f20
_gy-gencatlg
942 _2ddc
_cBK